| 000 | 00367nam a2200133Ia 4500 | ||
|---|---|---|---|
| 008 | 230917s9999||||xx |||||||||||||| ||und|| | ||
| 040 |
_e180998 _aMAIN |
||
| 041 | _aEnglish | ||
| 082 | _a34:331 C455F | ||
| 245 | 4 | _aThe factories act, 1948 (act No LCIII of 1948) with short notes | |
| 260 |
_aCalcutta _bEastern Book Compaany _c1980 |
||
| 300 | _a68 p. | ||
| 942 | _cBK | ||
| 999 |
_c220150 _d220150 |
||